00621 a2200169 4500003000500000005001700005010001300022040000900035082001200044100002100056245003900077260006000116300003600176505019700212600002100409650002100430NUST20230125153724.0 a35000441 cNust a823,THO aThorne, Anthony. aDelay in the sun /cAnthony Thorne aN.Y., Doubleday, Doran company, incbGarden Citycc1934 a6 p. l., 3-301 pb illusc21 cm aHalt For Refreshment (Page-7),The Beginning Of A Sentence (Page-30), Semicolon(Page-58),The End Of The Sentence (Page-87), Discordant Echo (Page-140),The End Is Always A Beginning (Page-165). aThorne, Anthony. aDelay in the sun